000 00377nam a2200157Ia 4500
008 221030s9999 xx 000 0 und d
041 _aEnglish
082 _a105.23
_bJai
100 _aM. Jain
245 0 _aABC of Electrical Engineering (Electrical Science)
260 _bDhanpat Rai Pub
_aNew Delhi
_c0
300 _a576
650 _aEE
700 _aP. Jain
942 _cBK
999 _c1341
_d1341